Public speaking as a liberal art / (Record no. 7108)

MARC details
000 -LEADER
fixed length control field 00737cam a2200193 a 4500
020 ## - INTERNATIONAL STANDARD BOOK NUMBER
ISBN 0205123279
050 00 - CALL NUMBER
Classification number PN4121
Item number .W46
100 1# - AUTHOR
Personal name Wilson, John Fletcher,(ed.)
245 10 - TITLE
Title Public speaking as a liberal art /
Statement of responsibility, etc John F. Wilson, Carroll C. Arnold, Molly Meijer Wertheimer ; instructor's manual by Molly Meijer Wertheimer.
250 ## - EDITION
Edition statement 6th ed., Instructor's ed.
260 ## - PUBLICATION INFORMATION
Place of publication Boston ;
-- Toronto :
Name of publisher Allyn and Bacon,
Year of publication 1990.
300 ## - DESCRIPTION
Number of Pages 1 v. (various pagings) :
Other physical details ill. ;
Dimensions 24 cm.
500 ## - NOTES
General note Previous ed.: 1983.
505 ## - FORMATTED CONTENTS NOTE
Table of Content I. Introduction<br/>II. Sample Syllabuses<br/>III. Chapter Synopses<br/> Notes
650 #0 - SUBJECTS
Topical Term Public speaking.
700 1# - OTHER AUTHORS
Personal name Arnold, Carroll C.(ed.)
700 1# - OTHER AUTHORS
Personal name Wertheimer, Molly Meijer.(ed.)
942 ## - ADDED ENTRY ELEMENTS (KOHA)
Koha item type Books
Holdings
Withdrawn status Lost status Collection code Home library Current library Shelving location Date acquired Full call number Accession Number Koha item type
    Reference Methodist University Library Main Methodist University Library Main General Stacks 12/03/2013 PN4121 .W46 37459 Books
Copyright © 2026  MUG Library